书目信息 |
| 题名: |
工程力学
|
|
| 作者: | 贾启芬 主编 | |
| 分册: | ||
| 出版信息: | 天津 天津大学出版社 2002.06 |
|
| 页数: | 430页 | |
| 开本: | 26cm | |
| 丛书名: | ||
| 单 册: | ||
| 中图分类: | TB12 | |
| 科图分类: | ||
| 主题词: | 工程力学 | |
| 电子资源: | ||
| ISBN: | 7-5618-1595-6 | |
| 000 | 00539nam0 2200193 45 | |
| 001 | 0458658217 | |
| 005 | 2004070716173821 | |
| 010 | @a7-5618-1595-6@dCNY 35.00 | |
| 100 | @a20040707d2002 km y0chiy0120 ea | |
| 101 | 0 | @achi |
| 102 | @aCN@b120000 | |
| 200 | 1 | @a工程力学@AGong Cheng Li Xue@f贾启芬等主编@FJia Qi Fen Deng Zhu Bian |
| 210 | @a天津@c天津大学出版社@d2002.06 | |
| 215 | @a430页@d26cm | |
| 606 | 0 | @a工程力学 |
| 690 | @aTB12@v3 | |
| 701 | 0 | @a贾启芬@AJia Qi Fen@4主编 |
| 801 | 0 | @aCN@bPFT@c20040707 |
| 905 | @a安徽大学@dTB12@eJ2431 | |
| 工程力学/贾启芬等主编.-天津:天津大学出版社,2002.06 |
| 430页;26cm |
| ISBN 7-5618-1595-6:CNY 35.00 |
| ● |
| 相关链接 |
|
|
|
正题名:工程力学
索取号:TB12/J2431
 
预约/预借
| 序号 | 登录号 | 条形码 | 馆藏地/架位号 | 状态 | 备注 |
| 1 | 386054 | 203860544 | 自科库501/501自科库 2排3列4层/ [索取号:TB12/J2431] | 在馆 | |
| 2 | 386055 | 203860553 | 期刊室512/501自科库 2排3列4层/ [索取号:TB12/J2431] | 在馆 | |
| 3 | 386056 | 203860562 | 期刊室512/501自科库 2排3列4层/ [索取号:TB12/J2431] | 在馆 | |
| 4 | 386057 | 203860571 | 自科库501/501自科库 2排3列4层/ [索取号:TB12/J2431] | 在馆 |